01082nam a2200241 i 4500001000700000003000900007005001700016007000300033008004100036111007400077245015900151260004800310300003900358490006900397650002400466700003000490700003700520700003300557830007700590852003200667999001900699952012200718144115ES-MaACL20231024172020.0t|070214s1970 sp r ||||1| spa d2 aSimposio de Estudios Sefardíes (cMadrid (d1964) (n. 1º)922097110aActas del Primer Simposio de Estudios Sefardíes / cedición a cargo de Iacob M. Hassán ; con la colaboración de Mª Teresa Rubiato y Elena Romero. aMadrid : bInstituto Arias Montano, c1970. aXXVI, 781 p., 27 lám. ; c25 cm.1 aPublicaciones de estudios sefardíes. Serie 1. Colectanea ; v104aSefardíes.9170111 aHassán, Iacob M.9620441 aRubiato, María Teresa.91003141 aRomero, Elena,d1942-9993180 aPublicaciones de estudios sefardíes. Serie 1. Colectanea ; v19220638 aES-MaACLjC-37440 bR.75803 c144115d144115 00104070aATENEOMbATENEOMcDEPO2d2008-01-17eSCl0oC-37440p1149939r2023-02-23 00:00:00w2023-02-23yMONOGRAFIA